Doktore, mluvte se mnou : rozhovory nejen o etice v medicíně

Saved in:
Bibliographic Details
Main Author Karásková, Ivana, 1952- (Author)
Format Book
LanguageCzech
Published Praha : Stanislav Juhaňák - Triton, 2026
Subjects
ISBN978-80-7684-473-5
Physical Description197 stran : portréty ; 21 cm

Cover

LEADER 00000nam a2200000 i 4500
001 115865
003 CZ ZlUTB
005 20260630093608.0
007 ta
008 260305s2026 xr c e 000 0 cze
015 |a cnb003744282 
020 |a 978-80-7684-473-5  |q (vázáno) 
040 |a ABA001  |b cze  |d BOA001  |e rda 
072 7 |a 614  |x Veřejné zdraví a hygiena  |2 Konspekt  |9 14 
080 |a 614.253  |2 MRF 
080 |a 17  |2 MRF 
080 |a (047.53)  |2 MRF 
100 1 |a Karásková, Ivana,  |d 1952-  |7 mzk2002156881  |4 aut 
245 1 0 |a Doktore, mluvte se mnou :  |b rozhovory nejen o etice v medicíně /  |c Ivana Karásková 
264 1 |a Praha :  |b Stanislav Juhaňák - Triton,  |c 2026 
300 |a 197 stran :  |b portréty ;  |c 21 cm 
336 |a text  |b txt  |2 rdacontent 
337 |a bez média  |b n  |2 rdamedia 
338 |a svazek  |b nc  |2 rdacarrier 
650 0 7 |a lékař a pacient  |7 ph122494  |2 czenas 
650 0 7 |a lékař a pacient  |7 ph122494  |x etické a morální aspekty  |2 czenas 
650 0 7 |a lékařská etika  |7 ph115193  |2 czenas 
650 0 9 |a physician and patient  |2 eczenas 
650 0 9 |a physician and patient  |x ethical and moral aspects  |2 eczenas 
650 0 9 |a medical ethics  |2 eczenas 
655 7 |a rozhovory  |7 fd133303  |2 czenas 
655 9 |a interviews  |2 eczenas 
710 2 |a Nakladatelství Triton  |7 kn20131022019  |4 pbl 
910 |a ZLD002 
928 9 |a Triton 
942 |2 udc 
952 |0 0  |1 0  |4 0  |6 614KARÁSKOVÁI  |7 -1  |8 BOOK  |9 191727  |a UTBZL  |b UTBZL  |c 006  |d 2026-06-30  |l 0  |o 614/KARÁSKOVÁ,I.  |p 420010202352  |r 2026-06-30 09:37:20  |v 329.00  |w 2026-06-30  |x N:nákup  |y 04 
992 |a BK  |b SKNEW 
999 |c 115865  |d 115865